000 00789nam a22002057a 4500
999 _c165923
_d165923
005 20190709154157.0
010 _aB-728446
020 _a9788177581041
_c899.00
035 _aB-728446
037 _bRK Books
082 _a330.0151
100 _aSydsaeter, Knut
245 _aMathematics for economic analysis /
_cby Knut Sydsaeter [and] Peter J. Hammond
260 _aNoida
_bPearson
_c2019
270 _a15th Floor, Tower-B, World Trade Tower, Plot No. 1, Sector-16
_bNoida
_e201301 (U.P.)
300 _a1000p.:
_bill.
_c23cm(pbk)
700 _aHammond, J. Peter
942 _2ddc
_cEN
_h330.0151
_mSYD